000 00260nam a22000977a 4500
008 250505b |||||||| |||| 00| 0 eng d
020 _a9781408855713
100 _aRowling J K
245 _aHarry Potter and the Deadly Hollows
260 _aLondon
_bBloomsberry
_c2014
999 _c12760
_d12760